000 01001cam a22003251 4500
001 21404
003 BD-RjUL
005 20211209000700.0
008 140304s1934 enk 001 0 eng
035 _a(OCoLC)ocm01508125
035 _a(BD-RjUL)21468
035 _a(NNC)4644969
040 _aDLC
_cSNN
_dDLC
_dOCL
_beng
041 1 _aeng
_hgre
082 _a913
_bWAG
098 _aBR84.5
100 1 _aWarmington, E. H.
_q(Eric Herbert),
_d1898-1987,
_966147
245 1 0 _aGreek geography /
_c E. H. Warmington.
260 _aLondon ;
_bJ.M. Dent ;
_aNew York :
_bDutton,
_c1934.
300 _axlviii, 269 p. ;
_c20 cm.
490 1 _aThe library of Greek thought
500 _aA compilation of extracts in English from Greek authors.
650 0 _aClassical geography.
_966148
650 0 _aCosmology.
_966149
650 0 _aGreek literature
_vTranslations into English.
_966150
830 0 _aLibrary of Greek thought.
_966151
942 _2ddc
_cBK
999 _c21404
_d21404